000 02034nab a2200301 i 4500
003 BR-BrBNA
005 20240226154217.0
008 240221b2006 bl.qr|p|oa||| 00| 0 por |
040 _aBR-BrBNA
_bpor
072 _aF40
100 _aAlmeida, C.I.M.
100 _aLeite, G.L.D.
100 _aRocha, S.L.
100 _aMachado, M.M.L.
100 _aMaldonado, W.C.H.
245 _aFenologia e artrópodes de Copaifera langsdorffii Desf. no cerrado
500 _aPublicação on-line; 32 ref.; 3 tables; 5 illus.; Summaries (En, Pt)
520 _aRESUMO: Avaliou-se a fenologia e os artrópodes bem como o efeito climático sobre estes em copaíba (Copaifera langsdorffii Desf.) (Leguminoseae). A emissão de novas folhas e inflorescências bem como a antese ocorreram no período das chuvas. Observou-se maior diversidade e abundância de insetos, principalmente as dos galhadores. Palavras-chave: Copaíba, insetos galhadores, fatores climáticos, parasitóides
520 _aABSTRACT: Phenology and arthropods of Copaifera langsdorffii in the cerrado (Brazilian Savannah). There was evaluated the phenology and arthropods as well as the effect of weather on copaiba (Copaifera langsdorffii Desf.) (Leguminoseae). The emission of new leaves and inflorescences as well as the opening of them occurred in the rainy period. There were observed the higher diversity and abundance of insects, principally galling insects. Key words: Copaiba, insect galls, weather factors, parasitoids
650 _aCOPAÍBA
650 _aINSETO
650 _aCLIMA
650 _aPARASITO
773 0 _03543
_9313785
_dBotucatu-SP Instituto de Biociências - Departamento de Química e Bioquímica 1998
_o2024-0053
_tRevista Brasileira de Plantas Medicinais (Brazil)
_x1516-0572
_ghttp://www.sbpmed.org.br/admin/files/papers/file_ptFLyDLoA5dd.pdf
_wBR2024000063
856 _uhttp://www.sbpmed.org.br/admin/files/papers/file_ptFLyDLoA5dd.pdf
942 _cAnalítica
999 _c298566
_d298566